Welcome to CU Library Online Public Access Catalogue (OPAC)

Growing up free : (Record no. 3083)

MARC details
000 -LEADER
fixed length control field 00611cam a2200217 i 4500
001 - CONTROL NUMBER
control field 1354062
005 - DATE AND TIME OF LATEST TRANSACTION
control field 20250127094529.0
008 - FIXED-LENGTH DATA ELEMENTS--GENERAL INFORMATION
fixed length control field 800314s1980 nyu b 001 0 eng
020 ## - INTERNATIONAL STANDARD BOOK NUMBER
International Standard Book Number 0070503702
050 00 - LIBRARY OF CONGRESS CALL NUMBER
Classification number HQ772
Item number .P58
082 00 - DEWEY DECIMAL CLASSIFICATION NUMBER
Classification number 649/.1
100 1# - MAIN ENTRY--PERSONAL NAME
Personal name Pogrebin, Letty Cottin.
245 10 - TITLE STATEMENT
Title Growing up free :
Remainder of title raising your child in the 80's /
Statement of responsibility, etc. Letty Cottin Pogrebin.
260 ## - PUBLICATION, DISTRIBUTION, ETC.
Place of publication, distribution, etc. New York :
Name of publisher, distributor, etc. McGraw-Hill,
Date of publication, distribution, etc. c1980.
300 ## - PHYSICAL DESCRIPTION
Extent xii, 641 p. ;
Dimensions 24 cm.
650 #0 - SUBJECT ADDED ENTRY--TOPICAL TERM
Topical term or geographic name entry element Child rearing.
650 #0 - SUBJECT ADDED ENTRY--TOPICAL TERM
Topical term or geographic name entry element Sex role in children.
650 #0 - SUBJECT ADDED ENTRY--TOPICAL TERM
Topical term or geographic name entry element Sexism.
650 #0 - SUBJECT ADDED ENTRY--TOPICAL TERM
Topical term or geographic name entry element Androgyny (Psychology)
942 ## - ADDED ENTRY ELEMENTS (KOHA)
Source of classification or shelving scheme Library of Congress Classification
Koha item type Books
Suppress in OPAC No
999 ## -
-- 3083
-- 3083
Holdings
Withdrawn status Lost status Source of classification or shelving scheme Damaged status Not for loan Collection Home library Current library Shelving location Date acquired Total checkouts Full call number Barcode Date last seen Copy number Price effective from Koha item type
    Library of Congress Classification     Non-fiction Undergraduate Library (Christ Temple) Undergraduate Library (Christ Temple) General stacks 01/27/2025   HQ772.P58 POG ulct00000970 01/27/2025 1 01/27/2025 Books
© 2023-2024 Copyright: Central University Libraries. All Rights Reserved | Created by: Mahone Tech Office